Регионална библиотека "Любен Каравелов" - Русе

Българо-руски календар за 1879 (Запис номер 190144)

MARC детайли
000 -Лидер
Контролно поле с фиксирана дължина 01287nam a2200301 c 4500
003 - Код на организацията, давaща контролен номер
Контролно поле BLK
005 - Дата и час на последна редакция
Контролно поле 20180421000624.0
008 - Елементи от данни с фиксирана дължина
fixed length control field 180411b bul|||||r ||||||| ||bul||
010 ## - Наследен системен номер
LC control number KNG00199207000
040 ## - Източник на каталожния запис
Идентификатор на билиотеката - собственик на записа BLK
041 ## - Код за език
Код за езика на текст/звукозапис или на отделно заглавие Български
Код за езика КДБФ Български
072 #7 - Код за тематичната категория
Код организация bullib
Код за тематична категория А
Текст Фонд Михаил Арнаудов
080 ## - УДК
Текстов определител УДК Алманаси. Календари. Отраслови календари се класифицират по тема с определител (059). Вж и 529
УДК код - определител по УДК 059
УДК определител (497.2:470)
УДК - код + определител 059(497.2:470)
139 ## - Редно поле
Редна дума Българо-руски календар за 1879
Авторски знак Бъл - Б 92
245 10 - Сведения за заглавието
Заглавие Българо-руски календар за 1879
Подзаглавни данни 3-та год. по високос
257 ## - Страна на издаване
Страна на създаване/издаване България
260 ## - Област на издателските данни
-- София
Година на издаване 1879
Печатница София : скоропеч. Янко С. Ковачев
300 ## - Физическа характеристика
Страници 230, 3 с., 1 л.
Илюстрации и др. портр.
Размери/Мащаб 25 см
380 ## - Жанр
Жанр Общ отдел
500 ## - Общи забележки
Забележка Съдържа подпис на Михаил Арнаудов ; Отбелязва място в кн.: с. 89. - Мека подв.
650 #4 - Допълнително описание по предмет – тема
Основно описание – тема или топоним Календари
9 (RLIN) 158145
659 ## - Тематичен бюлетин
Тематичен бюлетин А
852 ## - Местоположение
Форматна сигнатура Цб МА 2843
856 4# - Електронен адрес и достъп
Електронен формат pdf - файл
Път до файла /url/
856 4# - Електронен адрес и достъп
Електронен формат pdf - файл
Път до файла /url/
942 ## - АРТИКУЛИ
Вид на библиотечния материал Книги
Скрит в OPAC Не
944 ## - СЪЗДАВАНЕ И РЕДАКЦИЯ на ЗАПИСА
Създаване/Редакция Създаване
Дата на регистрацията/редакция 13.01.2017
Служител, извършил регистрацията/редакцията Геновева_Генчева
944 ## - СЪЗДАВАНЕ И РЕДАКЦИЯ на ЗАПИСА
Създаване/Редакция Редакция
Дата на регистрацията/редакция 13.01.2017
Служител, извършил регистрацията/редакцията Геновева_Генчева
999 ## - СИСТЕМНИ КОНТРОЛНИ НОМЕРА
Koha biblionumber 190144
Koha biblioitemnumber 190144
Наличности
Код за отписване Код за изгубен артикул Източник на класификационната схема Код за повреда Коз за рестрикции Код за отдаване Артикулен № Име на библиотеката - собственик Име на библиотеката, в която се намира в момента Статус (Текущо местоположение) Дата на вписване в системата Местоположение - отдел Цена в лева Инвентарен номер Систематично азбучна сигнатура Баркод Номер на екземпляра Цена в евро Служебна бележка Служебен тип на артикула
  Не е изгубен Universal Decimal Classification Не е повреден само за читалня Специални фондове ( старопечатни, редки и ценни, фонд М. Арнаудов) 334524 Регионална библиотека "Любен Каравелов" Русе Регионална библиотека "Любен Каравелов" Русе Фонд "Михаил Арнаудов" 1973-01-01 Фонд "Михаил Арнаудов" 80.00 591030 МА 2843 120000591030 1 40.90 Дост: DA Вид: А N: стар фонд Дата: 01.01.1973 Книги
Vip Innovations Ltd, Rousse, Bulgaria 2025